|
|
|
|
| LEADER |
01127nam a2200277 a 4500 |
| 001 |
14786 |
| 003 |
BD-DhAAL |
| 008 |
090615s1999 nyua b 001 0 eng d |
| 999 |
|
|
|c 1662
|d 1662
|
| 010 |
|
|
|a 99029552
|
| 020 |
|
|
|a 0538878894 (alk. paper)
|
| 040 |
|
|
|a DLC
|c DLC
|d DLC
|d BD-DhAAL
|
| 082 |
0 |
0 |
|a 658.1511
|2 21
|
| 100 |
1 |
|
|a Morse, Wayne J.
|9 40098
|
| 245 |
1 |
0 |
|a Management accounting :
|b a strategic approach /
|c Wayne J. Morse, James R. Davis, Al L. Hartgraves.
|
| 250 |
|
|
|a Second edition
|
| 260 |
|
|
|a Cincinnati, Ohio :
|b South-Western College Pub.,
|c c2000.
|
| 300 |
|
|
|a xvi, 704 pages :
|b illustrations ;
|c 29 cm.
|
| 504 |
|
|
|a Includes bibliographical references and index.
|
| 541 |
1 |
|
|e 00014786
|
| 650 |
|
0 |
|a Managerial accounting.
|9 40099
|
| 700 |
1 |
|
|a Davis, James Richard,
|d 1947-
|9 40100
|
| 700 |
1 |
|
|a Hartgraves, Al L.
|9 40101
|
| 852 |
4 |
|
|a Ayesha Abed Library
|j General Stacks
|
| 942 |
|
|
|2 ddc
|c BK
|
| 952 |
|
|
|0 0
|1 0
|2 ddc
|4 0
|6 658_151100000000000_MOR_2000
|7 0
|9 1526
|a BRACUL
|b BRACUL
|c GEN
|d 2009-06-28
|g 0.00
|l 1
|m 2
|o 658.1511 MOR
|p 3010014786
|r 2010-08-31
|s 2010-05-16
|t 1
|w 2009-06-28
|y BK
|x No price found in the accession register.
|